Music Quiz

Random Music or Bands Quiz

Bands or Musicians - Name the Occupation Quiz Stats

 Plays Quiz not verified by Sporcle

Challenge
Share
Tweet
Embed
Score 0/19 Timer 05:00
0 Plays Today
Hint Answer % Correct
Band who made ' Every breath you take'Police
56%
Richard and Karen?Carpenters
54.6%
Gettin' Jiggy wit It?Will Smith
51.9%
School's Out for Vince Furnier?Alice Cooper
44.7%
Joker and Space cowboy?Steve Miller Band
40.9%
American Blues singer - John LeeJohn Lee Hooker
40.5%
Sang 'Jumpin' Jack Flash 'Mick Jagger
39.5%
He doesn't want to miss a thing!Steven Tyler
37.8%
Mike Rutherford's BandMike and the Mechanics
35.1%
American gospel, R&B, soul, and pop singer 'Sam'Sam Cooke
33%
Hint Answer % Correct
Cream DrummerGinger Baker
32.6%
Queen DrummerRoger Taylor
31.6%
Had a big hit with 'You Ain't seen Nothin' YetBachman Turner Overdrive
29.6%
Loudon III?Loudon Wainwright
26.1%
Queen Bass PlayerJohn Deacon
23.4%
British rock band who had a hit with 'Milk and Alcohol' or Motley Crue's fifth albumDoctor Feelgood
22%
Pink Floyd DrummerNick Mason
18.6%
McAlmont and......(Ex Guitarist with Suede)Bernard Butler
12.7%
American pianist, bandleader, arranger and composer known as 'Smack' HendersonFletcher Henderson
3.8%

You're not logged in!

Compare scores with friends on all Sporcle quizzes.
Join for Free
OR
Log In

You Might Also Like...

Show Comments

Extras

Created Jul 5, 2011ReportNominate
Tags:Bands Quiz, musician, occupation

Top Quizzes Today


Score Distribution

Your Account Isn't Verified!

In order to create a playlist on Sporcle, you need to verify the email address you used during registration. Go to your Sporcle Settings to finish the process.

Report this User

Report this user for behavior that violates our Community Guidelines.

Details: